Imaginative biography... (Record no. 1898)

MARC details
000 -LEADER
fixed length control field 00913cam a2200301u 4500
001 - CONTROL NUMBER
control field data
005 - DATE AND TIME OF LATEST TRANSACTION
control field 20260322212123.0
008 - FIXED-LENGTH DATA ELEMENTS--GENERAL INFORMATION
fixed length control field data
035 ## - SYSTEM CONTROL NUMBER
System control number 6734246
010 ## - LIBRARY OF CONGRESS CONTROL NUMBER
LC control number unk82047425
035 ## - SYSTEM CONTROL NUMBER
-- (DLC)unk82047425
040 ## - CATALOGING SOURCE
Original cataloging agency DLC
Transcribing agency CarP
Modifying agency DLC
050 00 - LIBRARY OF CONGRESS CALL NUMBER
Classification number CT105
Item number .B76
100 1# - MAIN ENTRY--PERSONAL NAME
Personal name Brydges, Egerton,
Titles and words associated with a name Sir,
Dates associated with a name 1762-1837.
245 10 - TITLE STATEMENT
Title Imaginative biography...
260 ## - PUBLICATION, DISTRIBUTION, ETC.
Date of publication, distribution, etc. 1834.
-- 1834.
300 ## - PHYSICAL DESCRIPTION
Extent 2 v.
Other physical details cm.
336 ## - CONTENT TYPE
Content type term text
Content type code txt
Source rdacontent
337 ## - MEDIA TYPE
Media type term unmediated
Media type code n
Source rdamedia
338 ## - CARRIER TYPE
Carrier type term volume
Carrier type code nc
Source rdacarrier
650 #0 - SUBJECT ADDED ENTRY--TOPICAL TERM
Topical term or geographic name entry element Biography.
651 #0 - SUBJECT ADDED ENTRY--GEOGRAPHIC NAME
Geographic name England
Form subdivision Biography.
655 #7 - INDEX TERM--GENRE/FORM
Genre/form data or focus term Biographies.
Source of term lcgft
Authority record control number or standard number https://id.loc.gov/authorities/genreForms/gf2014026049
906 ## - LOCAL DATA ELEMENT F, LDF (RLIN)
a 0
b cbc
c premunv
d u
e ncip
f 19
g y-gencatlg
991 ## -
-- c-GenColl
-- CT105
-- .B76
-- Copy 1
-- PREM
Holdings
Withdrawn status Lost status Damaged status Not for loan Home library Current library Shelving location Date acquired Total checkouts Full call number Barcode Date last seen Price effective from Koha item type
        Troy Troy General stacks 22/03/2026   CT105 LOC-TPL-00030 22/03/2026 22/03/2026 Books